| 000 | 00488nam a22001817a 4500 | ||
|---|---|---|---|
| 999 |
_c478510 _d478510 |
||
| 003 | NUST | ||
| 005 | 20180601064026.0 | ||
| 008 | 180601b ||||| |||| 00| 0 eng d | ||
| 020 | _a9788534357504 | ||
| 038 | _aSNS Library | ||
| 082 | _a540 | ||
| 100 |
_aHein Arena _910732 |
||
| 245 |
_aFoundations of College Chemistry _bHein, Arena |
||
| 250 | _aSeventh Alternate Edition | ||
| 260 |
_aUSA _bBrooks/ Cole Publishing Company _c1998 |
||
| 300 |
_a464 p. _bPb. |
||
| 942 |
_2ddc _cBK |
||